000 00333nam a22001457a 4500
008 221108b ||||| |||| 00| 0 eng d
020 _a9781413310238
041 _aeng
080 _29TH EDITION
_a004
082 _a004
100 _a19
101 _aSHK
245 _aTHE EMPLOYER'S LEGAL HANDBOOK
_cSTEINGOLD F
942 _2udc
_cBK
999 _c58781
_d58781